00275nam a2200109Ia 4500008004100000100002300041245001600064260000900080300002900089440002400118650002300142180117s9999 xx 000 0 und d aby Beth Day Romulo aAnother Day c2017 a24 pages, 2017 January 8 aPhilippine Panorama aINDIANS IN AMERICA